000 00595cam a2200229ua 4500
020 _cRs 50.00
041 _aeng
_h
082 _a620.101
_bRAM/EN
100 _aRamamrutham, S.
245 _aEngineering mechanics and strength of materials /
_cS Ramamrutham.
_hTextual Documents
250 _a1 /
_b.
260 _aNew Delhi :
_bDhanpat Rai Publishing Co. Pvt. Ltd. ,
_c1986.
300 _a554 ; .
365 _aRs 50.00
504 _a
942 _cBK
999 _c197
_d197